| 000 | 00483nam a2200169Ia 4500 | ||
|---|---|---|---|
| 008 | 240729s9999 xx 000 0 und d | ||
| 022 | _a2324-7096 | ||
| 245 | 0 | _aJournal of Investigative Medicine High Impact Case Reports | |
| 260 | _aUnited States | ||
| 260 | _bSAGE Publishing | ||
| 650 | _a Medicine (General) | Medicine | ||
| 650 | _a Pathology | ||
| 650 | _aMedicine | ||
| 856 | _uhttps://doaj.org/toc/73aeebf82c8847f9b22e29e1b54ff80d | ||
| 942 | _2ddc | ||
| 942 | _cDOAJEJ | ||
| 999 |
_c67684 _d67684 |
||
| 945 |
_a1 _bMadushi Gamage _c1 _dMadushi Gamage |
||